Hamilton Bailey's emergency surgery. (Record no. 5633)
[ view plain ]
| 000 -LEADER | |
|---|---|
| fixed length control field | 01192pam a2200313 a 4500 |
| 003 - CONTROL NUMBER IDENTIFIER | |
| control field | OSt |
| 005 - DATE AND TIME OF LATEST TRANSACTION | |
| control field | 20220426072031.0 |
| 008 - FIXED-LENGTH DATA ELEMENTS--GENERAL INFORMATION | |
| fixed length control field | 940826s1995 enka 001 0 eng c |
| 020 ## - INTERNATIONAL STANDARD BOOK NUMBER | |
| International Standard Book Number | 0750614846 |
| 020 ## - INTERNATIONAL STANDARD BOOK NUMBER | |
| International Standard Book Number | 0750627719 (ButterworthHeinemann international ed.) |
| 040 ## - CATALOGING SOURCE | |
| Transcribing agency | ALUPE UNIVERSITY COLLEGE |
| 050 00 - LIBRARY OF CONGRESS CALL NUMBER | |
| Classification number | RD93 |
| Item number | .B32 1995 |
| 060 10 - NATIONAL LIBRARY OF MEDICINE CALL NUMBER | |
| Classification number | WO 700 H217 1995 |
| 245 00 - TITLE STATEMENT | |
| Title | Hamilton Bailey's emergency surgery. |
| 250 ## - EDITION STATEMENT | |
| Edition statement | 12th ed. / |
| Remainder of edition statement | edited by B.W. Ellis ; special editorial assistance given by S. Paterson-Brown. |
| 260 ## - PUBLICATION, DISTRIBUTION, ETC. | |
| Place of publication, distribution, etc. | Oxford ; |
| -- | Boston : |
| Name of publisher, distributor, etc. | Butterworth-Heinemann, |
| Date of publication, distribution, etc. | c1995. |
| 300 ## - PHYSICAL DESCRIPTION | |
| Extent | xiv, 866 p. : |
| Other physical details | ill. ; |
| Dimensions | 29 cm. |
| 500 ## - GENERAL NOTE | |
| General note | Prev. ed. cataloged under: Bailey, Hamilton, 1894-. |
| 500 ## - GENERAL NOTE | |
| General note | Includes index. |
| 650 #0 - SUBJECT ADDED ENTRY--TOPICAL TERM | |
| Topical term or geographic name entry element | Surgical emergencies. |
| 650 12 - SUBJECT ADDED ENTRY--TOPICAL TERM | |
| Topical term or geographic name entry element | Emergencies. |
| 650 12 - SUBJECT ADDED ENTRY--TOPICAL TERM | |
| Topical term or geographic name entry element | Surgery, Operative. |
| 700 1# - ADDED ENTRY--PERSONAL NAME | |
| Personal name | Ellis, B. W. |
| Fuller form of name | (Brian W.) |
| 700 2# - ADDED ENTRY--PERSONAL NAME | |
| Personal name | Paterson-Brown, Simon. |
| 700 1# - ADDED ENTRY--PERSONAL NAME | |
| Personal name | Bailey, Hamilton, |
| Dates associated with a name | 1894-1961. |
| Title of a work | Hamilton Bailey's emergency surgery. |
| 906 ## - LOCAL DATA ELEMENT F, LDF (RLIN) | |
| a | 7 |
| b | cbc |
| c | orignew |
| d | 1 |
| e | ocip |
| f | 19 |
| g | y-gencatlg |
| 942 ## - ADDED ENTRY ELEMENTS (KOHA) | |
| Source of classification or shelving scheme | |
| Koha item type | Book |
| Suppress in OPAC | PW |
| Withdrawn status | Lost status | Source of classification or shelving scheme | Damaged status | Not for loan | Permanent Location | Current Location | Shelving location | Date acquired | Source of acquisition | Total Checkouts | Full call number | Barcode | Date last seen | Price effective from | Koha item type | Public note |
|---|---|---|---|---|---|---|---|---|---|---|---|---|---|---|---|---|
| AU LIBRARY | AU LIBRARY | Open Shelf | 26.04.2022 | DONATION FROM MOI UNIVERSITY | RD93 .B32 1995 | 28009261 | 26.04.2022 | 26.04.2022 | Book | PW |